Penitentiary, Boise City, Idaho. Letter from the Secretary of the Treasury transmitting a letter from the Attorney-General in relation to an estimate of appropriation for enlargement of the United States penitentiary at Boise City, Idaho.

Bibliographic Details
Corporate Authors: United States. Congress. House. Committee on Appropriations, ProQuest (Firm), United States. Department of the Treasury
Format: eBook
Language:English
Published: Washington : [publisher not identified], 1888.
Series:United States congressional serial set.
Subjects:
Online Access:Connect to the full text of this electronic book

MARC

Tag First Indicator Second Indicator Subfields
LEADER 00000cam a22000001a 4500
001 in00002890021
005 20190401184318.0
006 m o d
007 cr un mmmapmmp
008 070102s1888 dcu o f000 0 eng d
035 |a cis2004055108 
040 |a UMI  |c UMI  |d UtOrBLW 
043 |a n-us--- 
099 |a ProQuest Serial Set Number 2560 H.exdoc.230 
110 1 |a United States.  |b Congress.  |b House.  |b Committee on Appropriations. 
245 1 0 |a Penitentiary, Boise City, Idaho. Letter from the Secretary of the Treasury transmitting a letter from the Attorney-General in relation to an estimate of appropriation for enlargement of the United States penitentiary at Boise City, Idaho. 
246 1 |a Estimates and plan for enlargement of penitentiary at Boise City, Idaho 
264 1 |a Washington :  |b [publisher not identified],  |c 1888. 
300 |a 1 online resource. 
336 |a text  |b txt  |2 rdacontent 
337 |a computer  |b c  |2 rdamedia 
338 |a online resource  |b cr  |2 rdacarrier 
490 0 |a H.exdoc.230 
500 |a Record is based on bibliographic data in ProQuest U.S. Serial Set Digital Collection (last viewed Jan. 2007). Reuse except for individual research requires license from ProQuest, LLC. 
510 3 |a ProQuest U.S. Serial Set Digital Collection 
500 |a Electronic resource. 
650 0 |a Budget  |z United States. 
650 0 |a Prisons. 
651 0 |a Boise (Idaho) 
655 7 |a Electronic books.  |2 local 
710 2 |a ProQuest (Firm) 
710 1 |a United States.  |b Department of the Treasury. 
830 0 |a United States congressional serial set. 
856 4 0 |u http://proxy.library.tamu.edu/login?url=http://congressional.proquest.com/congcomp/getdoc?SERIAL-SET-ID=2560+H.exdoc.230  |z Connect to the full text of this electronic book  |t 0 
999 |a MARS 
999 f f |s b3e08d60-6f88-3318-8400-1f4adb1a5445  |i c5c9e20c-a329-3cf3-9f01-0c99d5b531b5  |t 0 
952 f f |a Texas A&M University  |b College Station  |c Electronic Resources  |d Available Online  |t 0  |e ProQuest Serial Set Number 2560 H.exdoc.230  |h Other scheme 
998 f f |a ProQuest Serial Set Number 2560 H.exdoc.230  |t 0  |l Available Online